|
|
|
|
| LEADER |
01550nam a2200421Ia 4500 |
| 001 |
EBC484819 |
| 003 |
MiAaPQ |
| 005 |
20191030193359.0 |
| 006 |
m o d | |
| 007 |
cr cn||||||||| |
| 008 |
100104s2010 nju s 001 0 eng d |
| 010 |
|
|
|z 2009050962
|
| 020 |
|
|
|z 9780470262474 (cloth)
|
| 020 |
|
|
|z 9780470262474
|
| 020 |
|
|
|a 9780470617519 (electronic bk.)
|
| 035 |
|
|
|a (MiAaPQ)EBC484819
|
| 035 |
|
|
|a (Au-PeEL)EBL484819
|
| 035 |
|
|
|a (CaPaEBR)ebr10369763
|
| 035 |
|
|
|a (CaONFJC)MIL248199
|
| 035 |
|
|
|a (OCoLC)593321003
|
| 040 |
|
|
|a MiAaPQ
|c MiAaPQ
|d MiAaPQ
|
| 050 |
|
4 |
|a HG4529.5
|b .F3346 2010
|
| 082 |
0 |
4 |
|a 332.63/2042
|2 22
|
| 100 |
1 |
|
|a Fabozzi, Frank J.
|
| 245 |
1 |
0 |
|a Quantitative equity investing
|h [electronic resource] :
|b techniques and strategies /
|c Frank J. Fabozzi, Sergio M. Focardi, Petter N. Kolm ; with the assistance of Joseph A. Cerniglia and Dessislava Pachamanova.
|
| 260 |
|
|
|a Hoboken, N.J. :
|b Wiley,
|c c2010.
|
| 300 |
|
|
|a xvi, 511 p.
|
| 490 |
1 |
|
|a The Frank J. Fabozzi series
|
| 500 |
|
|
|a Includes index.
|
| 533 |
|
|
|a Electronic reproduction. Ann Arbor, MI : ProQuest, 2016. Available via World Wide Web. Access may be limited to ProQuest affiliated libraries.
|
| 650 |
|
0 |
|a Portfolio management.
|
| 650 |
|
0 |
|a Investments.
|
| 655 |
|
4 |
|a Electronic books.
|
| 700 |
1 |
|
|a Focardi, Sergio.
|
| 700 |
1 |
|
|a Kolm, Petter N.
|
| 710 |
2 |
|
|a ProQuest (Firm)
|
| 830 |
|
0 |
|a Frank J. Fabozzi series.
|
| 856 |
4 |
0 |
|u https://ebookcentral.proquest.com/lib/matrademy/detail.action?docID=484819
|z Click to View
|